Loading...
| Current Events | 3 | 16.67 | 100% | 33% | 33% |
| Fine Arts - Classical Music | 10 | 23.00 | 90% | 90% | 50% |
| Fine Arts - Other | 5 | 10.00 | 80% | 20% | 0% |
| Fine Arts - Painting & Sculpture | 9 | 20.00 | 100% | 78% | 22% |
| Geography | 4 | 20.00 | 100% | 75% | 25% |
| History - American | 8 | 16.25 | 100% | 38% | 25% |
| History - European | 7 | 14.29 | 100% | 43% | 0% |
| History - Other | 13 | 17.69 | 100% | 69% | 8% |
| History - World | 9 | 13.33 | 100% | 33% | 0% |
| Literature - American | 9 | 11.11 | 78% | 33% | 0% |
| Literature - British | 7 | 10.00 | 86% | 14% | 0% |
| Literature - European | 7 | 10.00 | 100% | 0% | 0% |
| Literature - World | 9 | 10.00 | 89% | 11% | 0% |
| Mythology | 1 | 20.00 | 100% | 0% | 100% |
| Other Academic | 4 | 17.50 | 100% | 50% | 25% |
| Philosophy | 12 | 12.50 | 92% | 33% | 0% |
| Religion | 9 | 14.44 | 89% | 56% | 0% |
| Science - Biology | 9 | 14.44 | 89% | 44% | 11% |
| Science - Chemistry | 9 | 18.89 | 100% | 67% | 22% |
| Science - Other | 11 | 10.00 | 91% | 9% | 0% |
| Science - Physics | 10 | 17.00 | 100% | 50% | 20% |
| Social Science | 9 | 16.67 | 100% | 44% | 22% |